Представление документа в формате RUSMARC

ПолеНазваниеЗначение
  Тип записи a
  Библиографический уровень m
001 Контрольный номер 6b2894e372164bfb95bbdcb52bf8ac00
005 Дата корректировки 20140722135840.6
010 Индекс ISBN __
a ISBN 5-8459-0085-9
010 Индекс ISBN __
a ISBN 0-7506-4393-5
200 Заглавие и сведения об ответственности 1_
a Заглавие Практика менеджмента
e Сведения, относящиеся к заглавию Учеб. пособие:Пер.с англ.
f Первые сведения об ответственности Друкер Питер Ф.
210 Выходные данные 1_
a Место издания М.;СПб.;Киев
c Издательство Издат.дом"Вильямс"
d Дата издания 2000
215 Физическое описание __
a Объем 397 с.
610 Ключевые слова 0_
a Ключевые слова менеджмент
610 Ключевые слова 0_
a Ключевые слова управление бизнесом
686 Индексы других классификаций __
a Классификационный индекс 65.050
2 Код системы rubbk
686 Индексы других классификаций __
a Классификационный индекс 65.050.8я73
2 Код системы rubbk
700 Автор _1
a Фамилия Друкер Питер Ф.
801 Источник записи _0
a Страна RU
b Организация РУК
c Дата составления 20010807
g Правила каталогизации PSBO
801 Источник записи _1
a Страна RU
b Организация РУК
c Дата составления 20010807
g Правила каталогизации PSBO
852 Данные о местонахождении __
i Авторский знак Д76
j Шифр хранения ББК 65.050
901 Тип документа __
t Тип документа m
938 Служебная информация __
a Название организации Головной вуз
b Имя БД BOOK
c Название АИБС АИБС ИРБИС